| 000 | 00728nam a2200217Ia 4500 | ||
|---|---|---|---|
| 999 |
_c41259 _d41259 |
||
| 001 | 7912 | ||
| 003 | GE_BSU | ||
| 005 | 20220930123206.0 | ||
| 008 | 181216sru 2012xx |||||||||||||| ||rus|| | ||
| 020 | _a9785991617901 | ||
| 040 | _cGE_BSU | ||
| 041 | _arus | ||
| 080 | _a54+546(075.8) Р-75 | ||
| 100 |
_aРосин,И.В. _914925 |
||
| 245 |
_aОбщая и неорганическая химия : _bСовременный курс / _cИ.В. Росин. |
||
| 264 |
_aМосква : _bЮрист, _c2012. |
||
| 300 |
_a1338 стр.: _c22 см. |
||
| 653 | _aОбщая и неорганическая химия | ||
| 653 | _aზოგადი და არაორგანული ქიმია | ||
| 942 |
_cBK _2udc |
||